00369pab a2200133 454500008004000000100002400040245007200064260000900136300001400145362000800159650001400167700001900181773003500200180718b2009 xxu||||| |||| 00| 0 eng d aFaggian, Alessandra aHuman capital, graduate migration and innovation in British regions c2009 ap.317-33. aMar aMigration aMcCann, Philip aCambridge Journal of Economics